Savages : a novel /

Bibliographic Details
Main Author: Conran, Shirley
Format: Book
Language:English
Published: New York : Simon and Schuster, [1987]

MARC

Tag First Indicator Second Indicator Subfields
LEADER 00000cam a2200000 a 4500
001 in00000014523
005 20151007052231.0
008 870609s1987 nyub 00011 eng
010 |a  87016484  
020 |a 0671643908 
035 |a (OCoLC)16129946 
035 |9 AAA6892AM 
040 |a DLC  |c DLC  |d TXA  |d UtOrBLW 
049 |a TXAM  |c [A11062371] 
050 0 0 |a PR6053.O512  |b S38 1987 
082 0 |a 823/.914  |2 19 
100 1 |a Conran, Shirley. 
245 1 0 |a Savages :  |b a novel /  |c by Shirley Conran. 
264 1 |a New York :  |b Simon and Schuster,  |c [1987] 
264 4 |c ©1987 
300 |a 587 pages :  |b maps ;  |c 25 cm. 
336 |a text  |b txt  |2 rdacontent 
337 |a unmediated  |b n  |2 rdamedia 
338 |a volume  |b nc  |2 rdacarrier 
500 |a Maps on lining papers. 
999 |a MARS 
999 f f |s 3a02e5e2-0bf9-36f7-a49f-77c8a7882f6a  |i 1c9b74f7-cfdd-3d12-88bd-e7ceaa22693d  |t 0 
952 f f |p ric  |a Texas A&M University  |b Rellis Campus  |c Joint Library Facility  |d Remote Storage  |t 0  |e PR6053.O512 S38 1987  |h Library of Congress classification  |i unmediated -- volume  |m A14811062371 
998 f f |a PR6053.O512 S38 1987  |t 0  |l Remote Storage